Posibilidades de desarrollo; cuentas económicas: Municipio de Momostenango, Totonicapán /
Analiza la situación económica y las posibilidades de desarrollo del municipio de Momostenango, Guatemala, señala las características generales del área: administración, educación, religión, servicios y vías de comunicación. Estudia las cuentas económicas como instrumento para establecer el total de...
Kaydedildi:
| Yazar: | |
|---|---|
| Materyal Türü: | Tez |
| Baskı/Yayın Bilgisi: |
Guatemala:
Universidad de San Carlos de Guatemala
|
| Konular: | |
| Etiketler: |
Etiketle
Etiket eklenmemiş, İlk siz ekleyin!
|
MARC
| LEADER | 00000 a a2200000 04500 | ||
|---|---|---|---|
| 001 | 19945 | ||
| 003 | |||
| 040 | |a CRAI/IIS |c CRAI/IIS | ||
| 090 | |a 08122.00 | ||
| 100 | |a Pérez y Pérez, Luis Roberto | ||
| 245 | |a Posibilidades de desarrollo; cuentas económicas: |b Municipio de Momostenango, Totonicapán / |c Luis Roberto Pérez y Pérez | ||
| 260 | |a Guatemala: |b Universidad de San Carlos de Guatemala | ||
| 300 | |a 103 p | ||
| 502 | |a Tesis (Licenciado en Economía) -- Universidad de San Carlos de Guatemala. Facultad de Ciencias Económicas, 1974 | ||
| 520 | |a Analiza la situación económica y las posibilidades de desarrollo del municipio de Momostenango, Guatemala, señala las características generales del área: administración, educación, religión, servicios y vías de comunicación. Estudia las cuentas económicas como instrumento para establecer el total de bienes y servicios producidos en el municipio. Examina la población económicamente activa y la situación económica (producto geográfico bruto, destino de las importaciones y sectores productivos). Informa sobre la demanda global, incluyendo el volumen de exportaciones, el consumo y la inversión privada y publica. Propone recomendaciones para el mejoramiento de la zona./ACM | ||
| 650 | |a ESTRUCTURA ECONOMICA | ||
| 650 | |a PRODUCCION AGRICOLA | ||
| 650 | |a PRODUCION INDUSTRIAL | ||
| 650 | |a GOBIERNO LOCAL | ||
| 650 | |a POBLACION ECONOMICAMENTE ACTIVA | ||
| 999 | |c 18110 |d 18110 | ||
